000 00440nam a22001817a 4500
003 MPLRDC
005 20220104125354.0
008 210129b ||||| |||| 00| 0 eng d
020 _a7-222-00935-3
082 _a857.9 CLK-2 v.3
100 _a沧浪客
245 _a乾坤残梦. 下
_c
250 _a一版一刷
260 _a
_b云南人民出版社
_c1991
300 _b
650 _a武侠小说
942 _cBK
_o857.9 CLK-2 v.3
999 _c26846
_d26836